| 000 | 00935nam a2200265 u 4500 | ||
|---|---|---|---|
| 001 | 000812885 | ||
| 003 | AM-YeHGA | ||
| 005 | 20250617144442.0 | ||
| 008 | 110527s1929 fr r 000 0 fre d | ||
| 040 | _aAM-YeHGA | ||
| 041 | 0 | _afre | |
| 100 | 1 | _aArmont, Paul | |
| 245 | 1 | 2 |
_aL'amoureuse aventure : _bcomedie en trois actes et six tableaux / _cP. Armont et M. Gerbidon. |
| 260 |
_aParis : _b[Impr. de l'Illustration], _c1929. |
||
| 300 |
_a32 p. : _bill ; _c30 cm. |
||
| 490 | 1 |
_aLa Petite Illustration _vNo. 422, 9 mars 1929 _aTheatre _vNo 225. |
|
| 500 | _a"L'Amoureuse aventure" a ete representee pour la premiere fois au theatre Edouard VII, le 17 janvier 1929. | ||
| 500 | _aIllustrated covers. | ||
| 500 | _aWithout music. | ||
| 650 | 1 | 4 |
_aFrench drama _y20th century. |
| 700 | 1 | _aGerbidon, Marcel | |
| 830 | 0 |
_aPetite illustration ; _vNo. 422 |
|
| 830 | 0 |
_aPetite illustration. _pTheatre ; _vNo. 225 |
|
| 090 | _c296137 | ||
| 999 |
_c294448 _d294448 |
||